BIBLIOTECA

SENCICO

Motores a diésel : Nivel 1 : Manual del instructor (Registro nro. 3288)

Detalles MARC
000 -LEADER
fixed length control field 00888nam a2200193Ia 4500
005 - DATE AND TIME OF LATEST TRANSACTION
control field 20251020182609.0
008 - FIXED-LENGTH DATA ELEMENTS--GENERAL INFORMATION
fixed length control field 200515s9999 xx 000 0 und d
082 ## - DEWEY DECIMAL CLASSIFICATION NUMBER
Classification number SC/621.436/F39-MI
110 ## - MAIN ENTRY--CORPORATE NAME
Corporate name or jurisdiction name as entry element Instituto de Capacitación de la Industria de la Construcción
245 #0 - TITLE STATEMENT
Title Motores a diésel : Nivel 1 : Manual del instructor
260 ## - PUBLICATION, DISTRIBUTION, ETC.
Place of publication, distribution, etc. México, D.F.
260 ## - PUBLICATION, DISTRIBUTION, ETC.
Date of publication, distribution, etc. s.a.
300 ## - PHYSICAL DESCRIPTION
Extent 58
500 ## - GENERAL NOTE
General note las características que deben resumir los aceites para motor, así como la identificación de los componentes del motor y sus sistemas
520 ## - SUMMARY, ETC.
Summary, etc. Material dirigido a los ayudantes de mecánica, que se desenvuelven en el área de motores diésel. Tiene como propósito introducirlo dentro de dicha área. El contenido señala las bases de cómo seleccionar la información escrita de acuerdo al equipo y las ne
650 ## - SUBJECT ADDED ENTRY--TOPICAL TERM
Topical term or geographic name entry element MOTORES
650 ## - SUBJECT ADDED ENTRY--TOPICAL TERM
Topical term or geographic name entry element PUB ICIC
942 ## - ADDED ENTRY ELEMENTS (KOHA)
Koha item type Libros
Existencias
Fecha de la última vez que lo usaron Pago total Signatura topográfica completa Código de barras Precio efectivo desde Tipo de documento Estado perdido Estado dañado No es para préstamo Retirado Ubicación permanente Ubicación actual Fecha de adquisición
15/05/2020   SC/621.436/F39-MI Bib-Lima15053288 15/05/2020 Libros         Biblioteca Central Lima Biblioteca Central Lima 15/05/2020